Načítá se...

THE INTRODUCTION AND SPREAD OF PLYWOOD BOATS ON THE LOWER SOUTH-WEST COAST OF INDIA

Podrobná bibliografie
Hlavní autor: V. Vivekanandan
Médium: Printed Book
Vydáno: South Indian Federation of Fishermen Societies
Témata:
On-line přístup:http://10.26.1.76/ks/002594.pdf
LEADER 004680000a22001210004500
100 |a V. Vivekanandan 
245 |a THE INTRODUCTION AND SPREAD OF PLYWOOD BOATS ON THE LOWER SOUTH-WEST COAST OF INDIA 
260 |b South Indian Federation of Fishermen Societies 
650 |a FISHING KOLLAM THIRUVANANTHAPURAM KANYAKUMARI 
856 |u http://10.26.1.76/ks/002594.pdf 
942 |c KS 
999 |c 71982  |d 71982 
952 |0 0  |1 0  |4 0  |7 0  |9 63946  |a MGUL  |b MGUL  |d 2015-08-01  |l 0  |r 2015-08-01  |w 2015-08-01  |y KS